[Event "WCO 2016"]
[Site "?"]
[Date "2016.09.09"]
[Round "7"]
[Board "1"]
[WhiteID "4264312"]
[White "Tsolakidou Stavroula"]
[BlackID "14000059"]
[Black "Geldiyeva Mahri"]
[Result "0-1"]
[BlackElo "2285"]
[WhiteElo "2355"]
[LiveChessVersion "1.4.8"]

1. e4 {[%clk 1:30:57]} c5 {[%clk 1:29:45]} 2. Nf3 {[%clk 1:31:19]} e6
{[%clk 1:29:58]} 3. d4 {[%clk 1:31:35]} cxd4 {[%clk 1:30:21]} 4. Nxd4
{[%clk 1:31:57]} a6 {[%clk 1:30:44]} 5. c4 {[%clk 1:31:41]} Nf6 {[%clk 1:27:40]}
6. Nc3 {[%clk 1:32:02]} d6 {[%clk 1:25:18]} 7. Be2 {[%clk 1:32:06]} Qc7
{[%clk 1:25:27]} 8. O-O {[%clk 1:31:24]} b6 {[%clk 1:24:13]} 9. Be3
{[%clk 1:30:06]} Bb7 {[%clk 1:24:23]} 10. f3 {[%clk 1:29:50]} Be7
{[%clk 1:21:52]} 11. Qd2 {[%clk 1:28:38]} O-O {[%clk 1:21:12]} 12. Rfc1
{[%clk 1:24:53]} Nbd7 {[%clk 1:18:38]} 13. a4 {[%clk 1:16:03]} Qb8
{[%clk 1:08:29]} 14. b4 {[%clk 1:01:54]} Bd8 {[%clk 0:58:28]} 15. Nb3
{[%clk 0:55:01]} Bc7 {[%clk 0:57:35]} 16. Kh1 {[%clk 0:51:33]} Re8
{[%clk 0:45:54]} 17. a5 {[%clk 0:37:50]} d5 {[%clk 0:38:46]} 18. axb6
{[%clk 0:33:10]} Nxb6 {[%clk 0:31:20]} 19. c5 {[%clk 0:25:25]} Nc4
{[%clk 0:27:15]} 20. Bxc4 dxc4 {[%clk 0:27:40]} 21. Na5 {[%clk 0:19:49]} Bxa5
{[%clk 0:13:38]} 22. Rxa5 {[%clk 0:19:16]} Bc6 {[%clk 0:13:57]} 23. Qb2
{[%clk 0:13:18]} Rd8 {[%clk 0:13:05]} 24. Ne2 {[%clk 0:11:16]} Rd3
{[%clk 0:11:22]} 25. Bf4 {[%clk 0:09:52]} Qd8 {[%clk 0:10:38]} 26. Raa1
{[%clk 0:05:10]} Bb5 {[%clk 0:07:27]} 27. Qe5 {[%clk 0:04:45]} Rc8
{[%clk 0:03:58]} 28. Nc3 {[%clk 0:04:47]} Nd7 {[%clk 0:04:23]} 29. Qg5
{[%clk 0:04:08]} f6 {[%clk 0:03:56]} 30. Qg3 {[%clk 0:03:47]} e5 {[%clk 0:03:48]}
31. Bh6 {[%clk 0:04:12]} Qf8 {[%clk 0:03:32]} 32. Nd5 {[%clk 0:03:45]} Kh8
{[%clk 0:03:47]} 33. Be3 {[%clk 0:04:06]} Bc6 {[%clk 0:03:14]} 34. Qf2
{[%clk 0:03:47]} Bb5 {[%clk 0:03:14]} 35. Nc3 {[%clk 0:03:52]} f5
{[%clk 0:03:10]} 36. exf5 {[%clk 0:03:39]} Qxf5 {[%clk 0:03:28]} 37. Ne4
{[%clk 0:02:49]} Rf8 {[%clk 0:02:47]} 38. Rd1 {[%clk 0:01:17]} Nf6
{[%clk 0:01:56]} 39. Nd6 {[%clk 0:00:51]} Qg6 {[%clk 0:01:21]} 40. Qe2
{[%clk 0:30:40]} e4 {[%clk 0:30:57]} 41. Rf1 {[%clk 0:12:51]} exf3
{[%clk 0:21:21]} 42. Qxf3 {[%clk 0:09:04]} h6 {[%clk 0:19:27]} 43. Rad1
{[%clk 0:06:40]} Nd7 {[%clk 0:15:28]} 44. Qe2 {[%clk 0:04:41]} Rxf1+
{[%clk 0:15:54]} 45. Rxf1 {[%clk 0:04:50]} Qe6 {[%clk 0:16:22]} 46. Re1
{[%clk 0:04:32]} Nf6 {[%clk 0:13:41]} 47. Bf2 {[%clk 0:02:16]} Qxe2
{[%clk 0:12:51]} 48. Rxe2 c3 49. Nxb5 {[%clk 0:00:46]} axb5 {[%clk 0:13:48]} 50.
Bg1 {[%clk 0:00:33]} Rd2 {[%clk 0:12:20]} 51. Re1 {[%clk 0:00:38]} c2
{[%clk 0:09:24]} 52. Rc1 {[%clk 0:00:46]} Nd5 {[%clk 0:09:37]} 53. c6
{[%clk 0:00:53]} Kg8 {[%clk 0:09:59]} 54. h3 {[%clk 0:00:35]} Kf7
{[%clk 0:09:12]} 55. Kh2 {[%clk 0:00:39]} Ke8 {[%clk 0:09:06]} 56. Bc5
{[%clk 0:00:39]} Kd8 {[%clk 0:09:11]} 57. Bd6 {[%clk 0:00:34]} g5
{[%clk 0:09:05]} 58. Ra1 {[%clk 0:00:32]} Nb6 {[%clk 0:08:11]} 59. Bc5
{[%clk 0:00:32]} Na4 {[%clk 0:08:11]} 60. Be3 {[%clk 0:00:40]} Rd3
{[%clk 0:08:11]} 61. Bc1 {[%clk 0:00:40]} Rd1 {[%clk 0:08:04]} 62. Kg3
{[%clk 0:00:39]} Kc7 {[%clk 0:08:08]} 63. Kf2 {[%clk 0:00:40]} Kxc6
{[%clk 0:08:16]} 64. Kg3 {[%clk 0:00:33]} Kd5 {[%clk 0:08:23]} 65. h4
{[%clk 0:00:31]} Nc3 {[%clk 0:08:03]} 66. hxg5 {[%clk 0:00:33]} hxg5
{[%clk 0:08:29]} 67. Kf2 {[%clk 0:00:33]} Kc4 {[%clk 0:08:34]} 68. g4
{[%clk 0:00:32]} Kxb4 {[%clk 0:08:51]} 0-1

[Event "WCO 2016"]
[Site "?"]
[Date "2016.09.09"]
[Round "7"]
[Board "2"]
[WhiteID "14001888"]
[White "Ovezdurdiyeva Jemal"]
[BlackID "4213262"]
[Black "Pavlidou Ekaterini"]
[Result "1-0"]
[BlackElo "2140"]
[WhiteElo "2031"]
[LiveChessVersion "1.4.8"]

1. d4 {[%clk 1:30:56]} Nf6 {[%clk 1:30:36]} 2. c4 {[%clk 1:31:23]} e6
{[%clk 1:30:42]} 3. Nc3 {[%clk 1:31:47]} Bb4 {[%clk 1:31:00]} 4. e3
{[%clk 1:32:12]} O-O {[%clk 1:30:47]} 5. Nge2 {[%clk 1:32:34]} d5
{[%clk 1:27:30]} 6. a3 {[%clk 1:32:59]} Be7 {[%clk 1:26:45]} 7. cxd5
{[%clk 1:33:22]} exd5 {[%clk 1:26:56]} 8. Nf4 {[%clk 1:33:42]} c6
{[%clk 1:23:51]} 9. Bd3 {[%clk 1:34:06]} Re8 {[%clk 1:22:56]} 10. O-O
{[%clk 1:34:30]} Bf8 {[%clk 1:22:23]} 11. Bc2 {[%clk 1:33:06]} Nbd7
{[%clk 1:20:29]} 12. f3 {[%clk 1:28:54]} Nb6 {[%clk 1:17:58]} 13. Qd3
{[%clk 1:06:27]} g6 {[%clk 1:14:25]} 14. e4 {[%clk 1:00:07]} c5 {[%clk 1:09:35]}
15. Be3 {[%clk 0:50:22]} dxe4 {[%clk 1:01:42]} 16. Nxe4 {[%clk 0:50:13]} Bf5
{[%clk 0:52:18]} 17. dxc5 {[%clk 0:43:25]} Nbd7 {[%clk 0:39:49]} 18. Qc4
{[%clk 0:31:04]} Ne5 {[%clk 0:24:10]} 19. Qa2 {[%clk 0:26:15]} Bxe4 20. Bxe4
{[%clk 0:14:13]} Neg4 {[%clk 0:18:25]} 21. fxg4 {[%clk 0:09:27]} Rxe4
{[%clk 0:18:18]} 22. g5 {[%clk 0:05:30]} Ng4 {[%clk 0:13:07]} 23. Nd5
{[%clk 0:04:10]} Rxe3 {[%clk 0:07:32]} 24. Nxe3 {[%clk 0:04:30]} Bxc5
{[%clk 0:07:51]} 25. Rxf7 {[%clk 0:03:08]} Bxe3+ {[%clk 0:08:16]} 26. Kh1
{[%clk 0:03:35]} Kh8 {[%clk 0:08:06]} 27. b4 {[%clk 0:03:05]} Qd6
{[%clk 0:07:14]} 28. g3 {[%clk 0:02:14]} Rd8 {[%clk 0:03:38]} 29. Raf1
{[%clk 0:02:06]} Qc6+ {[%clk 0:03:10]} 30. Qg2 {[%clk 0:01:51]} Qxg2+
{[%clk 0:03:31]} 31. Kxg2 {[%clk 0:02:20]} Bxg5 {[%clk 0:03:16]} 32. Rf8+
{[%clk 0:02:22]} Rxf8 {[%clk 0:03:10]} 33. Rxf8+ {[%clk 0:02:42]} Kg7
{[%clk 0:03:36]} 34. Rb8 {[%clk 0:03:00]} b6 {[%clk 0:02:50]} 35. Rb7+
{[%clk 0:03:26]} Kh6 {[%clk 0:02:13]} 36. Rxa7 {[%clk 0:01:59]} Ne3+
{[%clk 0:02:36]} 37. Kf3 {[%clk 0:02:12]} Nc2 {[%clk 0:02:52]} 38. Rb7
{[%clk 0:01:57]} b5 {[%clk 0:03:16]} 39. h4 {[%clk 0:01:58]} Bf6 {[%clk 0:02:39]}
40. Ra7 {[%clk 0:30:34]} Nd4+ {[%clk 0:31:11]} 41. Ke4 {[%clk 0:24:21]} Ne2
{[%clk 0:29:46]} 42. Kf3 {[%clk 0:23:13]} Nd4+ {[%clk 0:28:44]} 43. Ke4
{[%clk 0:22:51]} Nf5 {[%clk 0:28:25]} 44. Kf4 {[%clk 0:23:10]} Nd4
{[%clk 0:17:24]} 45. Rf7 {[%clk 0:21:06]} Bd8 {[%clk 0:15:50]} 46. Rd7
{[%clk 0:18:12]} Bf6 {[%clk 0:11:39]} 47. Rd6 {[%clk 0:16:40]} Kg7
{[%clk 0:10:06]} 48. Rd7+ {[%clk 0:12:16]} Kg8 {[%clk 0:10:11]} 49. Rd5
{[%clk 0:11:57]} Kf7 {[%clk 0:08:47]} 50. Rd7+ {[%clk 0:09:51]} Kg8
{[%clk 0:08:58]} 51. Rb7 {[%clk 0:09:52]} Ne2+ {[%clk 0:08:59]} 52. Kf3
{[%clk 0:09:39]} Nd4+ {[%clk 0:09:17]} 53. Ke4 {[%clk 0:07:44]} Ne2
{[%clk 0:08:29]} 54. Kd3 {[%clk 0:05:24]} Nxg3 {[%clk 0:05:21]} 55. Rxb5
{[%clk 0:05:49]} Bxh4 {[%clk 0:05:38]} 56. a4 {[%clk 0:05:42]} Nf5
{[%clk 0:04:20]} 57. a5 {[%clk 0:05:46]} Bf2 {[%clk 0:04:14]} 58. a6
{[%clk 0:06:09]} h5 {[%clk 0:03:57]} 59. Rc5 {[%clk 0:04:00]} 1-0

[Event "WCO 2016"]
[Site "?"]
[Date "2016.09.09"]
[Round "7"]
[Board "3"]
[WhiteID "4239873"]
[White "Avramidou Anastasia"]
[BlackID "14001896"]
[Black "Atabayeva Gozel"]
[Result "1-0"]
[BlackElo "2021"]
[WhiteElo "2273"]
[LiveChessVersion "1.4.8"]

1. d4 {[%clk 1:30:57]} Nf6 {[%clk 1:30:55]} 2. c4 {[%clk 1:31:23]} g6
{[%clk 1:31:16]} 3. Nc3 {[%clk 1:31:48]} Bg7 {[%clk 1:31:41]} 4. e4
{[%clk 1:32:13]} d6 {[%clk 1:31:51]} 5. Nf3 {[%clk 1:32:37]} O-O {[%clk 1:31:55]}
6. h3 {[%clk 1:33:02]} Nbd7 {[%clk 1:32:09]} 7. Bg5 {[%clk 1:33:06]} e5
{[%clk 1:31:00]} 8. d5 {[%clk 1:32:07]} h6 {[%clk 1:29:41]} 9. Be3
{[%clk 1:32:12]} a5 {[%clk 1:26:56]} 10. Nd2 {[%clk 1:29:38]} Nh5
{[%clk 1:26:20]} 11. g3 {[%clk 1:29:30]} Qe8 {[%clk 1:23:48]} 12. Be2
{[%clk 1:27:59]} Nhf6 {[%clk 1:23:52]} 13. g4 {[%clk 1:24:08]} Nh7
{[%clk 1:24:02]} 14. Rg1 {[%clk 1:22:59]} Nc5 {[%clk 1:19:11]} 15. Nb3
{[%clk 1:15:08]} b6 {[%clk 1:18:42]} 16. Qd2 {[%clk 1:11:29]} g5 {[%clk 1:18:27]}
17. Nc1 {[%clk 1:09:57]} Na6 {[%clk 1:16:15]} 18. b3 {[%clk 1:06:05]} f6
{[%clk 1:15:45]} 19. h4 {[%clk 1:02:34]} Rf7 {[%clk 1:15:48]} 20. h5
{[%clk 1:02:43]} Nf8 {[%clk 1:13:49]} 21. f3 {[%clk 1:00:02]} Nd7
{[%clk 1:12:39]} 22. Kf2 {[%clk 0:58:13]} Bb7 {[%clk 1:08:39]} 23. a3
{[%clk 0:49:49]} Rf8 {[%clk 0:48:28]} 24. Rb1 {[%clk 0:43:40]} Qf7
{[%clk 0:46:52]} 25. b4 {[%clk 0:39:17]} axb4 {[%clk 0:47:05]} 26. axb4
{[%clk 0:39:42]} Rfb8 {[%clk 0:47:07]} 27. Nd3 {[%clk 0:37:17]} Bf8
{[%clk 0:47:11]} 28. Ra1 {[%clk 0:36:46]} Qe8 {[%clk 0:47:00]} 29. Ra2
{[%clk 0:33:18]} Be7 {[%clk 0:45:19]} 30. Rga1 {[%clk 0:30:57]} Qc8
{[%clk 0:44:20]} 31. Bd1 {[%clk 0:28:06]} Nf8 {[%clk 0:39:49]} 32. Ba4
{[%clk 0:26:58]} Ra7 {[%clk 0:36:01]} 33. Ra3 {[%clk 0:22:37]} Kf7
{[%clk 0:32:58]} 34. Qa2 {[%clk 0:22:03]} Nh7 {[%clk 0:32:00]} 35. Bc6
{[%clk 0:18:16]} Rba8 {[%clk 0:29:25]} 36. Bxb7 {[%clk 0:14:42]} Qxb7
{[%clk 0:29:27]} 37. b5 {[%clk 0:14:40]} Nb4 {[%clk 0:27:38]} 38. Rxa7
{[%clk 0:15:02]} Nxd3+ {[%clk 0:27:48]} 39. Ke2 {[%clk 0:15:09]} 1-0

[Event "WCO 2016"]
[Site "?"]
[Date "2016.09.09"]
[Round "7"]
[Board "4"]
[WhiteID "14000679"]
[White "Hallaeva Bahar"]
[BlackID "4203593"]
[Black "Kouvatsou Maria"]
[Result "1-0"]
[BlackElo "2085"]
[WhiteElo "2103"]
[LiveChessVersion "1.4.8"]

1. e4 {[%clk 1:30:58]} e5 {[%clk 1:30:45]} 2. Nf3 {[%clk 1:31:26]} Nf6
{[%clk 1:30:53]} 3. Nxe5 {[%clk 1:31:52]} d6 {[%clk 1:31:17]} 4. Nf3
{[%clk 1:32:20]} Nxe4 {[%clk 1:31:38]} 5. Nc3 {[%clk 1:32:48]} Nf6
{[%clk 1:31:03]} 6. d4 {[%clk 1:30:29]} Be7 {[%clk 1:31:18]} 7. Bd3
{[%clk 1:28:17]} O-O {[%clk 1:30:16]} 8. h3 {[%clk 1:26:24]} Re8 {[%clk 1:30:20]}
9. O-O {[%clk 1:22:38]} Nbd7 {[%clk 1:30:44]} 10. Re1 {[%clk 1:20:29]} Nf8
{[%clk 1:29:03]} 11. Bf4 {[%clk 1:08:31]} Ng6 {[%clk 1:25:22]} 12. Bh2
{[%clk 1:08:45]} c6 {[%clk 1:20:31]} 13. Ne4 {[%clk 1:05:13]} Be6
{[%clk 1:05:39]} 14. Neg5 {[%clk 0:58:49]} Bd7 {[%clk 1:01:05]} 15. Qd2
{[%clk 0:49:22]} b5 {[%clk 0:53:31]} 16. Re2 {[%clk 0:47:19]} Bf8
{[%clk 0:43:52]} 17. Rae1 {[%clk 0:40:43]} Rxe2 {[%clk 0:40:54]} 18. Rxe2
{[%clk 0:41:05]} Qc8 {[%clk 0:40:45]} 19. Ne4 {[%clk 0:28:51]} Nxe4
{[%clk 0:35:08]} 20. Bxe4 {[%clk 0:29:19]} Bf5 {[%clk 0:35:09]} 21. Qd3
{[%clk 0:26:36]} Bxe4 22. Qxe4 {[%clk 0:27:03]} Qd7 {[%clk 0:33:14]} 23. d5
{[%clk 0:19:22]} c5 {[%clk 0:32:00]} 24. g4 {[%clk 0:10:29]} Rd8 {[%clk 0:19:49]}
25. Bg3 {[%clk 0:08:27]} Qb7 {[%clk 0:13:01]} 26. c3 {[%clk 0:07:21]} h6
{[%clk 0:09:12]} 27. Nh4 {[%clk 0:05:08]} Ne7 {[%clk 0:08:55]} 28. Nf5
{[%clk 0:05:20]} Nc8 {[%clk 0:04:49]} 29. Bh4 {[%clk 0:04:54]} g5
{[%clk 0:04:48]} 30. Bg3 {[%clk 0:04:59]} Nb6 {[%clk 0:04:58]} 31. Rd2
{[%clk 0:03:41]} Qd7 {[%clk 0:02:46]} 32. Re2 {[%clk 0:03:34]} Qb7
{[%clk 0:03:00]} 33. Ne3 {[%clk 0:02:50]} Qa8 {[%clk 0:02:52]} 34. Qf5
{[%clk 0:02:39]} Re8 {[%clk 0:02:46]} 35. Rd2 {[%clk 0:03:08]} Qd8
{[%clk 0:02:19]} 36. Qf3 {[%clk 0:01:24]} Qe7 {[%clk 0:02:25]} 37. Kg2
{[%clk 0:01:37]} Nc4 {[%clk 0:01:40]} 38. Nf5 {[%clk 0:01:01]} Qe4
{[%clk 0:01:06]} 39. Qxe4 {[%clk 0:00:53]} Rxe4 {[%clk 0:01:35]} 40. Rc2
{[%clk 0:30:48]} Re1 {[%clk 0:31:13]} 41. b3 {[%clk 0:16:45]} Na3
{[%clk 0:18:41]} 42. Rb2 {[%clk 0:14:24]} Rd1 {[%clk 0:14:30]} 43. Re2
{[%clk 0:10:00]} Bg7 {[%clk 0:08:40]} 44. Bxd6 {[%clk 0:08:08]} Bxc3
{[%clk 0:06:06]} 45. Bxc5 {[%clk 0:07:19]} b4 {[%clk 0:05:16]} 46. Bxa7
{[%clk 0:03:47]} Nb5 {[%clk 0:03:52]} 47. Bc5 {[%clk 0:03:06]} Nc7
{[%clk 0:04:01]} 48. d6 {[%clk 0:02:11]} Ne6 {[%clk 0:04:23]} 49. Be3
{[%clk 0:02:00]} Kh7 {[%clk 0:02:20]} 50. Kf3 {[%clk 0:02:27]} Rd5
{[%clk 0:01:49]} 51. Rc2 {[%clk 0:02:16]} Rd1 {[%clk 0:01:14]} 52. Rc1
{[%clk 0:02:17]} Rd5 {[%clk 0:01:19]} 53. Ke2 {[%clk 0:02:10]} Ra5
{[%clk 0:01:22]} 54. Rd1 {[%clk 0:01:23]} Rxa2+ {[%clk 0:01:32]} 55. Kd3
{[%clk 0:01:16]} Ra7 {[%clk 0:00:42]} 56. Bxa7 1-0

[Event "WCO 2016"]
[Site "?"]
[Date "2016.09.09"]
[Round "7"]
[Board "1"]
[WhiteID "5212499"]
[White "Frayna Janelle Mae"]
[BlackID "12400149"]
[Black "Hoang Thanh Trang"]
[Result "0-1"]
[BlackElo "2467"]
[WhiteElo "2281"]
[LiveChessVersion "1.4.8"]

1. d4 {[%clk 1:30:50]} e6 {[%clk 1:30:06]} 2. c4 {[%clk 1:30:53]} f5
{[%clk 1:29:36]} 3. g3 {[%clk 1:30:44]} Nf6 {[%clk 1:29:37]} 4. Bg2
{[%clk 1:31:01]} c6 {[%clk 1:29:13]} 5. Nf3 {[%clk 1:30:12]} d5 {[%clk 1:29:13]}
6. O-O {[%clk 1:29:45]} Bd6 {[%clk 1:29:23]} 7. b3 {[%clk 1:29:43]} Qe7
{[%clk 1:29:22]} 8. Bb2 {[%clk 1:24:25]} O-O {[%clk 1:28:04]} 9. Qc1
{[%clk 1:24:43]} b5 {[%clk 1:25:22]} 10. Ba3 {[%clk 1:19:25]} b4 {[%clk 1:20:22]}
11. Bb2 {[%clk 1:19:44]} a5 {[%clk 1:19:35]} 12. a3 {[%clk 1:18:53]} Ba6
{[%clk 1:17:18]} 13. axb4 {[%clk 1:12:07]} axb4 {[%clk 1:17:10]} 14. Ne5
{[%clk 1:08:40]} Qb7 {[%clk 1:09:48]} 15. Nd2 {[%clk 1:06:00]} Nbd7
{[%clk 1:08:37]} 16. Nd3 {[%clk 1:03:11]} Ne4 {[%clk 1:06:49]} 17. c5
{[%clk 1:01:35]} Bc7 {[%clk 1:03:25]} 18. Nf3 {[%clk 1:01:06]} Rfe8
{[%clk 0:54:49]} 19. Qe3 {[%clk 0:55:57]} Bd8 {[%clk 0:41:13]} 20. Nfe5
{[%clk 0:46:25]} Nxe5 {[%clk 0:37:26]} 21. dxe5 {[%clk 0:44:49]} Bg5
{[%clk 0:35:58]} 22. f4 {[%clk 0:43:14]} Be7 {[%clk 0:36:00]} 23. Bd4
{[%clk 0:43:23]} Ra7 {[%clk 0:33:56]} 24. g4 {[%clk 0:33:50]} g6 {[%clk 0:32:47]}
25. gxf5 {[%clk 0:32:16]} gxf5 {[%clk 0:32:41]} 26. Kh1 {[%clk 0:31:18]} Kh8
{[%clk 0:31:18]} 27. Rg1 {[%clk 0:28:48]} Bh4 {[%clk 0:28:09]} 28. Qh3
{[%clk 0:24:51]} Bxd3 {[%clk 0:24:49]} 29. Rxa7 {[%clk 0:19:31]} Qxa7
{[%clk 0:25:07]} 30. Qxh4 {[%clk 0:19:59]} Bc2 {[%clk 0:24:40]} 31. Ra1
{[%clk 0:16:15]} Qg7 {[%clk 0:21:06]} 32. Rc1 {[%clk 0:13:20]} Rg8
{[%clk 0:20:06]} 33. Qh3 {[%clk 0:13:24]} Bxb3 {[%clk 0:18:31]} 34. Bxe4
{[%clk 0:12:26]} dxe4 {[%clk 0:18:45]} 35. Rg1 {[%clk 0:12:52]} Qxg1+
{[%clk 0:16:58]} 36. Bxg1 {[%clk 0:12:54]} e3 {[%clk 0:17:21]} 0-1

[Event "WCO 2016"]
[Site "?"]
[Date "2016.09.09"]
[Round "7"]
[Board "2"]
[WhiteID "723894"]
[White "Lazarne Vajda Szidonia"]
[BlackID "5204585"]
[Black "Fronda Jan Jodilyn"]
[Result "0-1"]
[BlackElo "2128"]
[WhiteElo "2372"]
[LiveChessVersion "1.4.8"]

1. d4 {[%clk 1:30:53]} d5 {[%clk 1:30:44]} 2. Nf3 {[%clk 1:31:04]} Nf6
{[%clk 1:31:02]} 3. c4 {[%clk 1:31:15]} c6 {[%clk 1:31:24]} 4. Qb3
{[%clk 1:31:03]} e6 {[%clk 1:30:13]} 5. Bg5 {[%clk 1:30:46]} h6 {[%clk 1:30:15]}
6. Bxf6 {[%clk 1:29:42]} Qxf6 {[%clk 1:30:34]} 7. g3 {[%clk 1:29:22]} Nd7
{[%clk 1:29:47]} 8. Nbd2 {[%clk 1:26:53]} Be7 {[%clk 1:28:35]} 9. Bg2
{[%clk 1:25:59]} O-O {[%clk 1:27:32]} 10. O-O {[%clk 1:25:47]} g5
{[%clk 1:11:11]} 11. h3 {[%clk 1:18:32]} h5 {[%clk 1:10:50]} 12. e4
{[%clk 1:05:58]} g4 {[%clk 1:10:09]} 13. hxg4 {[%clk 1:05:08]} hxg4
{[%clk 1:10:27]} 14. Ne5 {[%clk 1:04:25]} Nxe5 {[%clk 1:08:36]} 15. dxe5
{[%clk 1:04:50]} Qg5 {[%clk 1:03:40]} 16. Rfd1 {[%clk 0:52:17]} d4
{[%clk 1:03:39]} 17. Nf1 {[%clk 0:46:48]} Qxe5 {[%clk 1:02:19]} 18. Nh2
{[%clk 0:45:17]} f5 {[%clk 0:57:40]} 19. Qd3 {[%clk 0:36:13]} Bc5
{[%clk 0:54:32]} 20. Rd2 {[%clk 0:32:02]} Bd7 {[%clk 0:50:43]} 21. Re2
{[%clk 0:29:04]} Qg7 {[%clk 0:46:56]} 22. exf5 {[%clk 0:26:40]} exf5
{[%clk 0:47:18]} 23. a3 {[%clk 0:26:59]} f4 {[%clk 0:38:38]} 24. gxf4
{[%clk 0:22:32]} Rxf4 {[%clk 0:38:51]} 25. b4 {[%clk 0:21:25]} Bf5
{[%clk 0:26:46]} 26. Be4 {[%clk 0:20:23]} Rf3 {[%clk 0:24:01]} 27. Bxf5
{[%clk 0:13:54]} Rxd3 {[%clk 0:24:13]} 28. Bxd3 {[%clk 0:14:20]} Bd6
{[%clk 0:24:11]} 29. Re6 {[%clk 0:11:32]} Bxh2+ {[%clk 0:20:50]} 30. Kxh2
{[%clk 0:11:56]} Kf7 {[%clk 0:21:14]} 31. Rae1 {[%clk 0:10:22]} Rh8+
{[%clk 0:20:45]} 32. Kg2 {[%clk 0:08:05]} Qg5 {[%clk 0:20:01]} 33. Bg6+
{[%clk 0:07:20]} Kg7 {[%clk 0:19:39]} 34. Bc2 {[%clk 0:06:44]} Rh6
{[%clk 0:13:30]} 35. Rxh6 {[%clk 0:03:55]} Qxh6 {[%clk 0:12:56]} 36. Re7+
{[%clk 0:01:51]} Kf6 {[%clk 0:12:58]} 37. Rxb7 {[%clk 0:02:02]} Qh3+
{[%clk 0:13:03]} 38. Kg1 {[%clk 0:02:28]} g3 {[%clk 0:13:07]} 39. fxg3
{[%clk 0:01:22]} Qxg3+ {[%clk 0:13:31]} 40. Kf1 {[%clk 0:31:33]} Qf3+
{[%clk 0:43:05]} 41. Ke1 {[%clk 0:31:18]} d3 {[%clk 0:42:46]} 42. Bd1
{[%clk 0:29:42]} Qe3+ {[%clk 0:43:08]} 43. Kf1 {[%clk 0:30:06]} d2
{[%clk 0:41:15]} 44. Be2 {[%clk 0:26:54]} Qg3 {[%clk 0:41:39]} 0-1

[Event "WCO 2016"]
[Site "?"]
[Date "2016.09.09"]
[Round "7"]
[Board "3"]
[WhiteID "5204534"]
[White "Bernales Christy Lamiel"]
[BlackID "717444"]
[Black "Gara Ticia"]
[Result "0-1"]
[BlackElo "2379"]
[WhiteElo "2065"]
[LiveChessVersion "1.4.8"]

1. e4 {[%clk 1:30:56]} c5 {[%clk 1:30:57]} 2. Nf3 {[%clk 1:31:15]} e6
{[%clk 1:31:06]} 3. g3 {[%clk 1:31:02]} Nc6 {[%clk 1:28:30]} 4. Bg2
{[%clk 1:31:01]} Nf6 {[%clk 1:26:10]} 5. e5 {[%clk 1:30:52]} Ng4 {[%clk 1:24:41]}
6. O-O {[%clk 1:27:47]} Ngxe5 {[%clk 1:24:25]} 7. Nc3 {[%clk 1:22:12]} Nxf3+
{[%clk 1:24:06]} 8. Qxf3 {[%clk 1:22:34]} Nd4 {[%clk 1:23:17]} 9. Qd1
{[%clk 1:19:00]} Be7 {[%clk 1:19:49]} 10. d3 {[%clk 1:17:24]} O-O
{[%clk 1:18:28]} 11. Bf4 {[%clk 1:12:30]} d6 {[%clk 1:15:57]} 12. Ne2
{[%clk 1:04:24]} Qb6 {[%clk 1:05:23]} 13. c3 {[%clk 1:00:42]} Nxe2+
{[%clk 1:04:54]} 14. Qxe2 {[%clk 1:01:05]} Bd7 {[%clk 1:04:48]} 15. h4
{[%clk 0:56:13]} Bc6 {[%clk 1:04:43]} 16. h5 {[%clk 0:54:32]} Bxg2
{[%clk 1:04:09]} 17. Kxg2 {[%clk 0:54:56]} Qc6+ {[%clk 1:03:11]} 18. f3
{[%clk 0:53:27]} h6 {[%clk 0:57:04]} 19. Rh1 {[%clk 0:40:40]} e5 {[%clk 0:55:09]}
20. Bd2 {[%clk 0:37:16]} f5 {[%clk 0:51:51]} 21. Rae1 {[%clk 0:32:53]} Bf6
{[%clk 0:46:41]} 22. Rh2 {[%clk 0:31:52]} Rae8 {[%clk 0:45:09]} 23. Kg1
{[%clk 0:30:09]} d5 {[%clk 0:41:23]} 24. Rf2 {[%clk 0:28:41]} f4 {[%clk 0:29:30]}
25. Rh2 {[%clk 0:23:51]} fxg3 {[%clk 0:27:46]} 26. Rh3 {[%clk 0:23:15]} Kh8
{[%clk 0:16:04]} 27. Rf1 {[%clk 0:17:09]} e4 {[%clk 0:15:19]} 28. dxe4
{[%clk 0:15:20]} dxe4 {[%clk 0:14:51]} 29. fxe4 {[%clk 0:15:00]} Rxe4
{[%clk 0:13:04]} 30. Qg2 {[%clk 0:14:58]} Qe6 {[%clk 0:10:26]} 31. Rxg3
{[%clk 0:09:57]} Re2 {[%clk 0:10:40]} 32. Rf2 {[%clk 0:10:21]} Rxf2
{[%clk 0:09:16]} 33. Qxf2 {[%clk 0:10:45]} Bd4 {[%clk 0:09:05]} 0-1

[Event "WCO 2016"]
[Site "?"]
[Date "2016.09.09"]
[Round "7"]
[Board "4"]
[WhiteID "709751"]
[White "Gara Anita"]
[BlackID "5202744"]
[Black "Secopito Catherine"]
[Result "1-0"]
[BlackElo "2119"]
[WhiteElo "2355"]
[LiveChessVersion "1.4.8"]

1. e4 {[%clk 1:30:59]} e5 {[%clk 1:30:35]} 2. Nf3 {[%clk 1:31:25]} Nf6
{[%clk 1:30:57]} 3. Nxe5 {[%clk 1:31:37]} d6 {[%clk 1:31:16]} 4. Nf3
{[%clk 1:32:04]} Nxe4 {[%clk 1:31:26]} 5. d4 {[%clk 1:32:31]} d5 {[%clk 1:31:38]}
6. Bd3 {[%clk 1:32:53]} Nc6 {[%clk 1:31:56]} 7. O-O {[%clk 1:33:11]} Be7
{[%clk 1:31:49]} 8. Nc3 {[%clk 1:33:29]} Nf6 {[%clk 1:24:03]} 9. h3
{[%clk 1:33:11]} O-O {[%clk 1:24:07]} 10. a3 {[%clk 1:33:34]} Be6
{[%clk 1:23:02]} 11. Re1 {[%clk 1:27:20]} h6 {[%clk 1:21:21]} 12. Ne2
{[%clk 1:16:16]} Qc8 {[%clk 1:14:36]} 13. Ne5 {[%clk 1:10:30]} Nxe5
{[%clk 0:59:28]} 14. dxe5 {[%clk 1:10:55]} Nd7 {[%clk 0:59:32]} 15. Ng3
{[%clk 0:57:26]} Nc5 {[%clk 0:52:39]} 16. Bf1 {[%clk 0:57:30]} f5
{[%clk 0:51:40]} 17. exf6 {[%clk 0:49:22]} Bxf6 {[%clk 0:50:33]} 18. c3
{[%clk 0:47:58]} Qd7 {[%clk 0:43:58]} 19. Be3 {[%clk 0:46:50]} b6
{[%clk 0:42:35]} 20. Qc2 {[%clk 0:37:35]} Rad8 {[%clk 0:37:39]} 21. Rad1
{[%clk 0:35:38]} Qf7 {[%clk 0:33:12]} 22. Be2 {[%clk 0:32:17]} c6
{[%clk 0:23:34]} 23. Bh5 {[%clk 0:32:01]} Qd7 {[%clk 0:23:17]} 24. Bg6
{[%clk 0:29:44]} Bh4 {[%clk 0:19:18]} 25. Ne2 {[%clk 0:19:59]} Qc8
{[%clk 0:12:48]} 26. Bh7+ {[%clk 0:18:57]} Kh8 {[%clk 0:12:51]} 27. Nf4
{[%clk 0:18:21]} Bxf2+ {[%clk 0:07:13]} 28. Kxf2 {[%clk 0:15:13]} d4
{[%clk 0:05:29]} 29. Rxd4 {[%clk 0:15:00]} Bb3 {[%clk 0:04:55]} 30. Qg6
{[%clk 0:09:40]} Rxd4 {[%clk 0:02:37]} 31. Bxd4 {[%clk 0:08:37]} Rxf4+
{[%clk 0:01:18]} 32. Kg1 {[%clk 0:09:00]} Qf8 {[%clk 0:00:41]} 33. Re8
{[%clk 0:04:19]} Qxe8 {[%clk 0:00:38]} 34. Qxg7# {[%clk 0:04:38]} 1-0